|
|
|
|
| LEADER |
01692nam a2200445 a 4500 |
| 001 |
41668 |
| 003 |
BD-DhAAL |
| 005 |
20230910095543.0 |
| 008 |
230910t2007 nju b 001 0 eng d |
| 010 |
|
|
|a 2006003199
|
| 015 |
|
|
|a GBA680790
|2 bnb
|
| 016 |
7 |
|
|a 013558085
|2 Uk
|
| 020 |
|
|
|a 0805856935 (alk. paper)
|
| 020 |
|
|
|a 9780805856934 (alk. paper)
|
| 020 |
|
|
|a 0805856943 (pbk. : alk. paper)
|
| 020 |
|
|
|a 9780805856941 (pbk. : alk. paper)
|
| 020 |
|
|
|a 1410614522 (ebook)
|
| 020 |
|
|
|a 9781410614520 (ebook)
|
| 035 |
|
|
|a (OCoLC)ocm63390633
|
| 040 |
|
|
|a DLC
|c DLC
|d BAKER
|d UKM
|d C#P
|d BTCTA
|d YDXCP
|d PMC
|d DLC
|d BD-DhAAL
|
| 043 |
|
|
|a a------
|
| 050 |
0 |
0 |
|a P119.32.A78
|b L37 2007
|
| 082 |
0 |
0 |
|a 306.4495
|2 22
|
| 245 |
0 |
0 |
|a Language policy, culture, and identity in Asian contexts /
|c edited by Amy B.M. Tsui, James W. Tollefson.
|
| 260 |
|
|
|a Mahwah, N.J. :
|b Lawrence Erlbaum Associates,
|c 2007.
|
| 300 |
|
|
|a ix, 283 pages ;
|c 24 cm
|
| 504 |
|
|
|a Includes bibliographical references and index.
|
| 526 |
|
|
|a ENH
|
| 541 |
|
|
|a Trim Education
|e 41668
|
| 650 |
|
0 |
|a Language policy
|z Asia.
|9 55491
|
| 650 |
|
0 |
|a Language planning
|z Asia.
|9 55492
|
| 650 |
|
0 |
|a English language
|x Political aspects
|z Asia.
|9 55493
|
| 650 |
|
0 |
|a Culture and globalization.
|9 12434
|
| 650 |
|
0 |
|a Language and culture
|z Asia.
|9 55494
|
| 700 |
1 |
|
|a Tsui, Amy.
|9 55489
|
| 700 |
1 |
|
|a Tollefson, James W.
|9 55488
|
| 852 |
|
|
|a Ayesha Abed Library
|c General Stacks
|
| 942 |
|
|
|2 ddc
|c BK
|
| 999 |
|
|
|c 46081
|d 46081
|
| 952 |
|
|
|0 0
|1 0
|2 ddc
|4 0
|6 306_449500000000000_LAN
|7 0
|9 74333
|a BRACUL
|b BRACUL
|c GEN
|d 2023-09-05
|e Trim Education
|g 12000.00
|l 1
|m 1
|o 306.4495 LAN
|p 3010041668
|r 2024-04-16
|s 2023-09-10
|t 1
|v 12000.00
|w 2023-09-05
|y BK
|